| 000 | 00368nam a2200145Ia 4500 | ||
|---|---|---|---|
| 008 | 240624s9999 xx 000 0 und d | ||
| 041 | _aeng | ||
| 082 | _a519 FEL | ||
| 100 | _aFELLER WILLIAM | ||
| 245 | _aINTRODUCTION TO PROBABILITY THEORY AND I | ||
| 250 | _a(2rd ed.) | ||
| 260 |
_c2005 _aNew York _bJohn Wiley |
||
| 300 | _axxiv, : 669 : p. : cm. ; 26 | ||
| 365 | _c | ||
| 999 |
_c3519 _d3519 |
||